Central Library OPAC University of Rajshahi
Normal view MARC view

Entry Personal Name

Number of records used in: 1

001 - CONTROL NUMBER

  • control field: 3564

003 - CONTROL NUMBER IDENTIFIER

  • control field: BD-RjUL

005 - DATE AND TIME OF LATEST TRANSACTION

  • control field: 20220613111917.0

008 - FIXED-LENGTH DATA ELEMENTS

  • fixed length control field: 220613|| aca||aabn | a|a d

040 ## - CATALOGING SOURCE

  • Original cataloging agency: BD-RjUL
  • Transcribing agency: BD-RjUL

100 ## - HEADING--PERSONAL NAME

  • Personal name: Makkūdī, ʿAbd al-Raḥmān ibn ʿAlī] *** ,مكودي، عبد الرحمن بن علي .
  • Dates associated with a name: -1404 or 1405

670 ## - SOURCE DATA FOUND

  • Source citation: Work cat.: (BD-RjUL)79960: Makkūdī, ʿAbd al-Raḥmān ibn ʿAlī] *** ,مكودي، عبد الرحمن بن علي . -1404 or 1405., شرح المكودي على الألفية في علمي الصرف والنحو للإمام جمال الدين محمد بن عبد الله بن مالك الطائي الجياني الأندلسي المالكي /### [Sharḥ al-Makkūdī ʿalá al-Alfīyah fī ʿilmay al-ṣarf wa-al-naḥw lil-Imām Jamāl al-Dīn Muḥammad ibn ʿAbd Allāh ibn Mālik al-Ṭāʼī al-Jayyānī al-Andalusī al-Mālikī] /, 1996.